000 00934nam a2200301 i 4500
001 bg
003 BPK
005 20221028113152.0
008 050321s2004 pl a e |000 0 pol
015 _aPB 2005/5698
020 _a8372514380
040 _aWA N
_cBPK
041 0 _apol
080 _a005
080 _a(03)
245 0 0 _aLeksykon zarządzania /
_c[kolegium red. Maria Romanowska et al. ; aut. Andrzej Cylwik et al.].
260 _aWarszawa :
_b"Difin",
_c2004.
300 _a726 s. :
_brys., wykr. ;
_c24 cm.
500 _aNazwy aut. na s. 6.
504 _aBibliogr. przy hasłach.
655 4 _aEncyklopedia
650 4 _aZarządzanie
700 1 _aCylwik, Andrzej.
710 2 _aDifin
_4pbl.
700 1 _aRomanowska, Maria
_d(1947- )
_eRedakcja
856 _uhttp://koha.tu.koszalin.pl/cgi-bin/koha/opac-detail.pl?biblionumber=44907
_yKatalog online BPK
942 _2UKD
_cKS
999 _c44907
_d44907